Marvel: Avengers A - Z Quiz Stats

 Plays Quiz not verified by Sporcle

Challenge
Share
Tweet
Embed
Score 0/23 Timer 05:00
1 Play Today
Letter Avengers Member % Correct
HHulk, Hawkeye, Hercules, Hellcat, Human Torch, Hulkling...
95.8%
CCaptain America, Crystal, Captain Marvel, Captain Britain, Cannonball...
93.9%
IIron Man, Iron Fist, Invisible Woman, Iron Patriot, Iron Lad, Iron Boy
93.5%
BBlack Widow, Black Panther, Black Knight, Beast, Blade, Batwing...
93.3%
TThor, Tigra, Thing, Thunderstrike, Two-Gun Kid, Turbo...
90.6%
SScarlet Witch, She-Hulk, Spider-Woman, Spider-Man, Sentry, Sersi...
88.9%
WWasp, Wonder Man, War Machine, Wolverine, Winter Soldier, Wiccan...
86.5%
AAnt-Man, Ares, Abyss
83.7%
QQuicksilver, Quasar, Quake, Queen Veranke
72.7%
DDr. Strange, Dr. Druid, Darkhawk, Demolition Man, Daredevil...
71.1%
MMockingbird, Moon Knight, Moondragon, Mantis...
70%
VVision, Valkyrie, Venom Symbiote, Victoria Hand, Veil...
67.9%
Letter Avengers Member % Correct
NNamor the Sub-Mariner, Nova, Nick Fury, Jr., Nightmask
62.1%
FFalcon, Firestar, Firebird, Forgotten One, Finesse, 'Flash' Thompson
59.5%
LLuke Cage, Living Lightning, Lionheart, Lightspeed, Loki
52%
JJocasta, Jessica Jones, Justice, Jack of Hearts, Justun Seyfert
47.3%
RRed Hulk, Rage, Reptil, Ravonna, Ricochet, Rogue...
45.3%
XX-23
38.3%
GGiant-Man, Gilgamesh
36%
PPrince of Orphans, Power Man, Phil Coulson, Protector
29%
UU.S. Agent
23.3%
#3D-Man
23.3%
EEcho, Ex Nihilo
23.1%

You're not logged in!

Compare scores with friends on all Sporcle quizzes.
Join for Free
OR
Log In

You Might Also Like...

Show Comments

Extras

Top Quizzes Today


Score Distribution

Your Account Isn't Verified!

In order to create a playlist on Sporcle, you need to verify the email address you used during registration. Go to your Sporcle Settings to finish the process.

Report this User

Report this user for behavior that violates our Community Guidelines.

Details: